000 01849 am a2200481 a 4500
005 20240627114658.0
008 100922s1980||||ag a f |||| 001 0 spa d
020 _aS/N
041 _aspa
092 _c616.723
_l6
_sBAT
100 1 _aBattagliotti, Carlos.
_91497
245 _aTemas de reumatología, colagenopatía y enfermedades asociadas /
_cCarlos Battagliotti
250 _a1a ed.
260 _aRosario [Santa Fe ; Argentina]:
_bUniversidad Nacional de Rosario;
_c1980.
300 _a437 p.
_bil.
500 _aBattagliotti, C. y Gentiletti, A. (1980). Temas de reumatología, colagenopatía y enfermedades asociadas. (1a ed.). Santa Fe : Universidad Nacional de Rosario.
653 _aSemiología en enfermos reumáticos
653 _aRadiología de la mano en las enfermedades reumáticas
653 _aEtiopatogenia de las enfermedades producidas por autoinmunidad
653 _aInmuno complejos enlas enfermedades del hombre
653 _aArtritis reumatoidea
653 _aTratamiento quirúrgico de la artritis reumatoidea
653 _aMano reumatoidea
653 _aNeuropatías por atrapamiento
653 _aLupus eritematoso sistémico
653 _aVasculitis
653 _aDermatomiositis- polimiositis
653 _aEsclerosis sistemica progresiva- esclerodermia
653 _aLaboratorio inmunológico en las enfermedades del tejido conectivo
653 _aRecientes avances en reumatología
653 _aEspondiloartropatias seronegativas
653 _aOsteoartrosis
653 _aFiebre reumática
653 _aArtritis séptica
653 _aSinovitis por cristales
653 _aMieloma
653 _aAmiloidosis
653 _aOsteitis deformante de Paget
653 _aSíndrome osteoporótico
700 1 _aGentiletti, Alberto.
_91498
930 _a279
942 _2ddc
_cBK
999 _c747
_d747